Hoid names- Cosmere Brandon Sanderson - Statistics

General Stats
  • This quiz has been taken 47 times
  • The average score is 4 of 17
Answer Stats
Answer % Correct
Wit
94%
Hoid
91%
Cephandrius Maxtori
50%
Midius
32%
Drifter
26%
Dust
18%
Bearer of the First Gem
12%
Hoed
12%
Imperial Fool of the Rose Empire
12%
Topaz
12%
Whitehair
9%
Roamer
6%
The Grand Jesk
6%
Wanderer
6%
Mythwalker
3%
Trickster Aspect
3%
Lunu'anaki
0%
No matching quizzes found
Score Distribution
Percent of People with Each Score
Percentile by Number Answered
Your Score History
You have not taken this quiz